Statystyki dla Polskie drużyny piłkarskie (Ekstraklasa/1 Liga/2 Liga) 18/19

Kliknij tutaj aby rozwiązać quiz!

Ogólne statystyki

  • Ten quiz został rozwiązany 2 526 razy
  • Średni wynik to 29 z 52

Statystyki odpowiedzi

LIGAKLUB% Poprawnych
EKSTRAKLASALegia Warszawa
99%
EKSTRAKLASALech Poznań
97%
EKSTRAKLASAWisła Kraków
95%
EKSTRAKLASALechia Gdańsk
92%
EKSTRAKLASAArka Gdynia
88%
EKSTRAKLASACracovia
87%
EKSTRAKLASAPogoń Szczecin
87%
EKSTRAKLASAJagiellonia
86%
1 LIGAŁKS Łódź
86%
EKSTRAKLASAŚląsk Wrocław
84%
EKSTRAKLASAZagłębie Lubin
84%
2 LIGAWidzew Łódź
83%
EKSTRAKLASAGórnik Zabrze
82%
EKSTRAKLASAPiast Gliwice
82%
EKSTRAKLASAZagłębie Sosnowiec
80%
EKSTRAKLASAWisła Płock
79%
1 LIGARaków Częstochowa
78%
EKSTRAKLASAKorona Kielce
77%
EKSTRAKLASAMiedź Legnica
75%
2 LIGARuch Chorzów
71%
1 LIGAGKS Katowice
70%
1 LIGATermalica
60%
1 LIGAWarta Poznań
58%
1 LIGAStal Mielec
55%
2 LIGARadomiak Radom
53%
1 LIGAPodbeskidzie
51%
1 LIGASandecja
51%
2 LIGAGKS Bełchatów
49%
2 LIGAGórnik Łęczna
48%
1 LIGAStomil Olsztyn
48%
1 LIGAGKS Tychy
45%
1 LIGAGarbarnia Kraków
41%
1 LIGAOdra Opole
41%
2 LIGAElana Toruń
40%
1 LIGAWigry Suwałki
38%
2 LIGAResovia
37%
1 LIGAChojniczanka
36%
1 LIGAPuszcza
30%
1 LIGAChrobry Głogów
28%
1 LIGAGKS Jastrzębie
27%
2 LIGAOlimpia Grudziądz
27%
2 LIGAOlimpia Elbląg
26%
2 LIGAPogoń Siedlce
25%
2 LIGASkra Częstochowa
24%
1 LIGABytovia Bytów
23%
2 LIGARozwój Katowice
23%
2 LIGAZnicz Pruszków
21%
2 LIGABłękitni
20%
2 LIGAStal Stalowa Wola
19%
2 LIGASiarka Tarnobrzeg
18%
2 LIGAROW Rybnik
17%
2 LIGAGryf Wejherowo
14%

Rozkład punktacji

Percentyl według liczby udzielonych odpowiedzi

Procent ludzi z każdym wynikiem

Twoja historia wyników

Nie rozwiązałeś tego quizu